Normal view
MARC view
- Ericksen , Gerald l
Entry Personal Name
001 - CONTROL NUMBER
- control field: 104866
003 - CONTROL NUMBER IDENTIFIER
- control field: NUST
005 - DATE AND TIME OF LATEST TRANSACTION
- control field: 20221214160156.0
008 - FIXED-LENGTH DATA ELEMENTS
- fixed length control field: 221214|| aca||aabn | a|a d
040 ## - CATALOGING SOURCE
- Original cataloging agency: NUST
- Transcribing agency: NUST
100 ## - HEADING--PERSONAL NAME
- Personal name: Ericksen , Gerald l
670 ## - SOURCE DATA FOUND
- Source citation: Work cat.: (NUST)193881: Ericksen , Gerald l, Scientific inquiry in the Behavioral Sciences an Introducation to Staatistics /, 1970
